[Event "CFriend SL-2005-0-00037 email"]
[Site "Chessfriend.com"]
[Date "2005.10.13"]
[Round "1"]
[White "Croke, Pat"]
[Black "Smoller, Volkmar"]
[Result "0-1"]
[WhiteElo "836"]
[BlackElo "910"]
[PlyCount "42"]
[EventDate "2005.??.??"]
[EventType "tourn (corr)"]
[EventRounds "12"]
[SourceTitle "Corr 2008"]
[Source "ChessBase"]
[SourceDate "2008.06.24"]
[SourceVersion "1"]
[SourceVersionDate "2008.06.24"]
[SourceQuality "1"]

1. e4 c5 2. Nf3 d6 3. Bc4 Nf6 4. Ng5 e6 5. Nc3 d5 6. exd5 exd5 7. Qe2+ Be7 8. Bb5+ Nc6 9. 0-0 0-0 10. Bd3 h6 11. f4 c4 12. Nxd5 Bc5+ 13. Kh1 cxd3 14. Nxf6+ Qxf6 15. Qxd3 hxg5 16. fxg5 Qe5 17. Qg3 Qxg3 18. hxg3 Nd4 19. c3 Ne2 20. Rf3 Kh7 21. d4 Rh8 0-1

[Event "CFriend CP.2005.P.00014"]
[Site "Chessfriend.com"]
[Date "2005.10.01"]
[Round "?"]
[White "Martys, Mark"]
[Black "Smoller, Volkmar"]
[Result "1-0"]
[WhiteElo "2282"]
[BlackElo "910"]
[PlyCount "43"]
[EventDate "2005.10.01"]
[EventType "tourn (corr)"]
[EventRounds "1"]
[SourceTitle "Corr 2008"]
[Source "ChessBase"]
[SourceDate "2008.06.24"]
[SourceVersion "1"]
[SourceVersionDate "2008.06.24"]
[SourceQuality "1"]

1. d4 Nf6 2. c4 e6 3. Nf3 d5 4. e3 c5 5. cxd5 exd5 6. Bb5+ Bd7 7. Bxd7+ Nbxd7 8. 0-0 Bd6 9. dxc5 Nxc5 10. Bd2 0-0 11. Bc3 Nfe4 12. Bd4 Re8 13. Bxc5 Bxc5 14. Nc3 Nxc3 15. bxc3 Rc8 16. Qb3 Bb6 17. Rad1 Rc4 18. Rd3 Qc8 19. Rfd1 Rd8 20. a3 h6 21. Nd2 Rc5 22. h3 1-0

[Event "CFriend SL-2005-0-00030 email"]
[Site "Chessfriend.com"]
[Date "2005.04.13"]
[Round "1"]
[White "Dudley, Bruce"]
[Black "Smoller, Volkmar"]
[Result "1-0"]
[WhiteElo "1349"]
[BlackElo "910"]
[PlyCount "67"]
[EventDate "2005.04.13"]
[EventType "tourn (corr)"]
[EventRounds "6"]
[SourceTitle "Corr 2008"]
[Source "ChessBase"]
[SourceDate "2008.06.24"]
[SourceVersion "1"]
[SourceVersionDate "2008.06.24"]
[SourceQuality "1"]

1. e4 e5 2. Nf3 Nc6 3. Bb5 a6 4. Ba4 b5 5. Bb3 d6 6. c3 Bb7 7. 0-0 Be7 8. d4 Nf6 9. Nbd2 0-0 10. Re1 Qd7 11. Nf1 exd4 12. cxd4 Rfe8 13. Ng5 Nd8 14. Ng3 h6 15. Nf3 c5 16. d5 Ng4 17. Nf5 Bf8 18. h3 Nf6 19. Bc2 Qc7 20. Bf4 a5 21. a3 Nh5 22. Bd2 Nf6 23. Nh2 Bc8 24. Qf3 Bxf5 25. exf5 Be7 26. Ng4 Nb7 27. Bc3 Qd8 28. Qg3 Kf8 29. Rxe7 Qxe7 30. Bxf6 gxf6 31. Nxh6 Qd7 32. Ng4 Re5 33. f4 Re2 34. Bd3 1-0

[Event "CFriend SL-2005-0-00030 email"]
[Site "Chessfriend.com"]
[Date "2005.04.13"]
[Round "1"]
[White "Smoller, Volkmar"]
[Black "Cherner, Lyle"]
[Result "1-0"]
[WhiteElo "910"]
[BlackElo "1577"]
[PlyCount "65"]
[EventDate "2005.04.13"]
[EventType "tourn (corr)"]
[EventRounds "6"]
[SourceTitle "Corr 2008"]
[Source "ChessBase"]
[SourceDate "2008.06.24"]
[SourceVersion "1"]
[SourceVersionDate "2008.06.24"]
[SourceQuality "1"]

1. e4 c5 2. Nf3 d6 3. d4 cxd4 4. Nxd4 Nf6 5. Nc3 g6 6. Be2 Bg7 7. 0-0 0-0 8. Bg5 Nc6 9. Nxc6 bxc6 10. Qd3 Qd7 11. Rfd1 Qe6 12. Bf4 a5 13. Qe3 Ba6 14. e5 dxe5 15. Bxe5 Bxe2 16. Qxe2 Rfd8 17. Re1 Nd5 18. Bxg7 Qxe2 19. Rxe2 Kxg7 20. Nxd5 cxd5 21. Rxe7 Rab8 22. b3 d4 23. Rd1 Kf6 24. Re4 Rbc8 25. Rd2 Kf5 26. f3 Rc3 27. Rdxd4 Rxd4 28. Rxd4 Rxc2 29. Ra4 Rc5 30. Kf2 Rc2+ 31. Kg3 Rc5 32. Re4 h5 33. a4 1-0

[Event "CFriend SL-2005-0-00030 email"]
[Site "Chessfriend.com"]
[Date "2005.04.13"]
[Round "1"]
[White "Smoller, Volkmar"]
[Black "Cornacchini, Gabriele"]
[Result "1-0"]
[WhiteElo "910"]
[BlackElo "1549"]
[PlyCount "61"]
[EventDate "2005.04.13"]
[EventType "tourn (corr)"]
[EventRounds "6"]
[SourceTitle "Corr 2008"]
[Source "ChessBase"]
[SourceDate "2008.06.24"]
[SourceVersion "1"]
[SourceVersionDate "2008.06.24"]
[SourceQuality "1"]

1. e4 e5 2. f4 exf4 3. Nf3 g5 4. h4 g4 5. Ne5 Nf6 6. Bc4 d5 7. exd5 Bg7 8. Nc3 0-0 9. d4 Nh5 10. Nxg4 Ng3 11. Rh2 Qe7+ 12. Ne5 Bxe5 13. dxe5 Qc5 14. Bxf4 Qg1+ 15. Kd2 Qd4+ 16. Kc1 Qxf4+ 17. Qd2 Qxe5 18. Qg5+ Qxg5+ 19. hxg5 Re8 20. b3 Re1+ 21. Kb2 Nd7 22. Rxe1 Nb6 23. Re8+ Kg7 24. Nb5 Bd7 25. Rxa8 Nxa8 26. d6 Nf5 27. Nxc7 Nb6 28. Bd3 Nxd6 29. c4 Bf5 30. Ne8+ Nxe8 31. Bxf5 1-0

[Event "CFriend SL-2005-0-00027 email"]
[Site "Chessfriend.com"]
[Date "2005.01.11"]
[Round "1"]
[White "Castellano, Antonio Jr"]
[Black "Smoller, Volkmar"]
[Result "1-0"]
[WhiteElo "1155"]
[BlackElo "910"]
[PlyCount "55"]
[EventDate "2005.??.??"]
[EventType "tourn (corr)"]
[EventRounds "6"]
[SourceTitle "Corr 2008"]
[Source "ChessBase"]
[SourceDate "2008.06.24"]
[SourceVersion "1"]
[SourceVersionDate "2008.06.24"]
[SourceQuality "1"]

1. e4 e5 2. Nf3 Nc6 3. Bb5 a6 4. Ba4 b5 5. Bb3 d6 6. d3 Nf6 7. c3 Be7 8. 0-0 0-0 9. Be3 Na5 10. Bc2 c5 11. a4 Be6 12. Ng5 Bd7 13. Nd2 Ng4 14. Ngf3 Nxe3 15. fxe3 Qb6 16. d4 Bg4 17. axb5 axb5 18. Qe1 cxd4 19. exd4 Bf6 20. Qf2 Nc4 21. dxe5 Qxf2+ 22. Kxf2 dxe5 23. Nxc4 bxc4 24. Nd2 Rac8 25. Ra7 Rfd8 26. Ke1 Bh4+ 27. g3 Bg5 28. Rf2 1-0

[Event "CFriend SL-2005-0-00027 email"]
[Site "Chessfriend.com"]
[Date "2005.01.11"]
[Round "1"]
[White "Keber, Ernst"]
[Black "Smoller, Volkmar"]
[Result "1-0"]
[WhiteElo "1840"]
[BlackElo "910"]
[PlyCount "81"]
[EventDate "2005.??.??"]
[EventType "tourn (corr)"]
[EventRounds "6"]
[SourceTitle "Corr 2008"]
[Source "ChessBase"]
[SourceDate "2008.06.24"]
[SourceVersion "1"]
[SourceVersionDate "2008.06.24"]
[SourceQuality "1"]

1. e4 e5 2. f4 exf4 3. Nf3 d5 4. exd5 Nf6 5. Bc4 Nxd5 6. 0-0 Be7 7. d4 c6 8. Nc3 0-0 9. Ne5 Be6 10. Bxf4 Nxf4 11. Rxf4 Bxc4 12. Nxc4 b5 13. Ne5 Bg5 14. Re4 f5 15. Re1 Qd6 16. a4 b4 17. Nc4 Qf6 18. Na2 Na6 19. Ne5 Rfe8 20. Qf3 c5 21. dxc5 Qe6 22. Nd3 Be3+ 23. Kh1 Qe4 24. Naxb4 Qxf3 25. gxf3 Nxb4 26. Nxb4 Bxc5 27. Nd5 Bf2 28. Rxe8+ Rxe8 29. b4 Re2 30. Rc1 a5 31. b5 Bc5 32. b6 Rd2 33. b7 Bd6 34. c4 Rxh2+ 35. Kg1 Bb8 36. c5 Rd2 37. c6 Rxd5 38. c7 Bxc7 39. Rxc7 Rd1+ 40. Kf2 Rd2+ 41. Kg3 1-0

[Event "CFriend SL-2005-0-00027 email"]
[Site "Chessfriend.com"]
[Date "2005.01.11"]
[Round "1"]
[White "Smoller, Volkmar"]
[Black "Cherner, Lyle"]
[Result "1/2-1/2"]
[WhiteElo "910"]
[BlackElo "1577"]
[PlyCount "88"]
[EventDate "2005.??.??"]
[EventType "tourn (corr)"]
[EventRounds "6"]
[SourceTitle "Corr 2008"]
[Source "ChessBase"]
[SourceDate "2008.06.24"]
[SourceVersion "1"]
[SourceVersionDate "2008.06.24"]
[SourceQuality "1"]

1. e4 c5 2. Nf3 d6 3. d4 cxd4 4. Nxd4 Nf6 5. Nc3 g6 6. Be2 Bg7 7. 0-0 0-0 8. Be3 Nc6 9. Nb3 Be6 10. f4 Qc8 11. h3 Rd8 12. Re1 d5 13. e5 Ne4 14. Qc1 Nxc3 15. bxc3 Bf5 16. Bd3 b6 17. Qd2 Rb8 18. Rab1 Qe6 19. Red1 f6 20. Nd4 Nxd4 21. cxd4 Rbc8 22. Rdc1 Rc7 23. Rb4 Bxd3 24. Qxd3 Rdc8 25. c3 f5 26. Bd2 Rc4 27. Rxc4 Rxc4 28. Rb1 Ra4 29. Qc2 Qc6 30. Qb3 e6 31. g3 h6 32. g4 fxg4 33. hxg4 Bf8 34. Rf1 b5 35. Qb1 Qe8 36. f5 gxf5 37. gxf5 a6 38. fxe6 Qxe6 39. Rf2 Bg7 40. Rg2 Kh8 41. Rg3 Qf7 42. Qc2 Bf8 43. Bc1 Rc4 44. Qh2 Rc6 1/2-1/2

[Event "CFriend SL-2005-0-00027 email"]
[Site "Chessfriend.com"]
[Date "2005.01.11"]
[Round "1"]
[White "Smoller, Volkmar"]
[Black "Renette, Hans"]
[Result "1-0"]
[WhiteElo "910"]
[BlackElo "1406"]
[PlyCount "31"]
[EventDate "2005.??.??"]
[EventType "tourn (corr)"]
[EventRounds "6"]
[SourceTitle "Corr 2008"]
[Source "ChessBase"]
[SourceDate "2008.06.24"]
[SourceVersion "1"]
[SourceVersionDate "2008.06.24"]
[SourceQuality "1"]

1. e4 c5 2. Nf3 e6 3. d4 cxd4 4. Nxd4 Nc6 5. Nc3 Qc7 6. Be3 a6 7. Be2 Nf6 8. 0-0 Bb4 9. Bg5 Bxc3 10. Bxf6 gxf6 11. bxc3 Ne5 12. f4 Nc4 13. Qd3 b5 14. a4 Nb2 15. Qe3 Nxa4 16. c4 1-0

[Event "CFriend SL-2005-0-00027 email"]
[Site "Chessfriend.com"]
[Date "2005.01.11"]
[Round "1"]
[White "Smoller, Volkmar"]
[Black "Wurm, Tamas"]
[Result "0-1"]
[WhiteElo "910"]
[BlackElo "1036"]
[PlyCount "54"]
[EventDate "2005.??.??"]
[EventType "tourn (corr)"]
[EventRounds "6"]
[SourceTitle "Corr 2008"]
[Source "ChessBase"]
[SourceDate "2008.06.24"]
[SourceVersion "1"]
[SourceVersionDate "2008.06.24"]
[SourceQuality "1"]

1. e4 e5 2. f4 exf4 3. Nf3 d5 4. exd5 Nf6 5. Bb5+ c6 6. dxc6 Nxc6 7. d4 Bd6 8. 0-0 0-0 9. Na3 Bg4 10. Nc4 Bc7 11. Bxc6 bxc6 12. Qd3 Nd5 13. Nfe5 Bd7 14. Bxf4 Rc8 15. Nxd7 Qxd7 16. Be5 Bxe5 17. Nxe5 Qd6 18. Rae1 Rce8 19. Nxf7 Qb8 20. Ng5 g6 21. Rxe8 Qxe8 22. Rxf8+ Qxf8 23. Qe4 Qf6 24. Qe8+ Kg7 25. Qd7+ Kg8 26. Qxh7+ Kf8 27. Nf3 Qf4 0-1

[Event "CFriend SL-2004-0-00026 email"]
[Site "Chessfriend.com"]
[Date "2004.12.15"]
[Round "1"]
[White "Smoller, Volkmar"]
[Black "McNally, Tony"]
[Result "1/2-1/2"]
[WhiteElo "910"]
[BlackElo "1104"]
[PlyCount "96"]
[EventDate "2004.??.??"]
[EventType "tourn (corr)"]
[EventRounds "6"]
[SourceTitle "Corr 2008"]
[Source "ChessBase"]
[SourceDate "2008.06.24"]
[SourceVersion "1"]
[SourceVersionDate "2008.06.24"]
[SourceQuality "1"]

1. e4 c5 2. Nf3 d6 3. d4 cxd4 4. Nxd4 Nf6 5. Nc3 g6 6. Be3 Bg7 7. Be2 0-0 8. 0-0 Nc6 9. f4 Qb6 10. Qd3 Qxb2 11. Rab1 Qa3 12. Nxc6 bxc6 13. Nd5 Qxd3 14. Nxe7+ Kh8 15. cxd3 Ng4 16. Bxg4 Bxg4 17. f5 Rfe8 18. f6 Bf8 19. Rfc1 Bxe7 20. fxe7 Rxe7 21. Rxc6 Rd7 22. Bd4+ Kg8 23. Bf6 h6 24. h3 Be6 25. d4 d5 26. e5 a5 27. Rc5 Rda7 28. a4 Kh7 29. Kh2 g5 30. Rb6 Bd7 31. Rxd5 Bxa4 32. h4 gxh4 33. Bxh4 Bc2 34. Rdd6 Bg6 35. Rb3 a4 36. Ra3 Rb8 37. Rd8 Rxd8 38. Bxd8 Bc2 39. Bb6 Ra6 40. Bd8 Ra7 41. g4 Rb7 42. Ba5 Kg6 43. Bd2 Rb2 44. Kg3 Rb3+ 45. Rxb3 axb3 46. Bc3 Be4 47. Bb2 Bd5 48. Kh4 f6 1/2-1/2

[Event "CFriend SL-2004-0-00026 email"]
[Site "Chessfriend.com"]
[Date "2004.12.15"]
[Round "1"]
[White "Smoller, Volkmar"]
[Black "Peled, Shai"]
[Result "0-1"]
[WhiteElo "910"]
[BlackElo "1540"]
[PlyCount "48"]
[EventDate "2004.??.??"]
[EventType "tourn (corr)"]
[EventRounds "6"]
[SourceTitle "Corr 2008"]
[Source "ChessBase"]
[SourceDate "2008.06.24"]
[SourceVersion "1"]
[SourceVersionDate "2008.06.24"]
[SourceQuality "1"]

1. e4 e5 2. f4 exf4 3. Nf3 g5 4. h4 g4 5. Ne5 Nf6 6. d4 d6 7. Nd3 Nxe4 8. Bxf4 Qe7 9. Be2 Nc6 10. c3 Bf5 11. d5 Nb8 12. Na3 Bg7 13. Nb5 0-0 14. Nb4 g3 15. Rf1 Re8 16. Be3 Nf2 17. Qd2 Qxe3 18. Nxc7 Qxd2+ 19. Kxd2 Na6 20. Nxe8 Rxe8 21. Rxf2 gxf2 22. Rf1 Bh6+ 23. Kd1 Nxb4 24. cxb4 Rc8 0-1

[Event "CFriend SL-2004-0-00025 email"]
[Site "Chessfriend.com"]
[Date "2004.11.13"]
[Round "1"]
[White "Patton, Gary"]
[Black "Smoller, Volkmar"]
[Result "0-1"]
[WhiteElo "742"]
[BlackElo "910"]
[PlyCount "64"]
[EventDate "2004.??.??"]
[EventType "tourn (corr)"]
[EventRounds "6"]
[SourceTitle "Corr 2008"]
[Source "ChessBase"]
[SourceDate "2008.06.24"]
[SourceVersion "1"]
[SourceVersionDate "2008.06.24"]
[SourceQuality "1"]

1. d4 d5 2. e3 e6 3. Nf3 Nf6 4. Bd3 c5 5. 0-0 c4 6. Be2 b5 7. c3 Nc6 8. b4 a5 9. a3 axb4 10. cxb4 Bxb4 11. Bb2 Ba5 12. Ne5 Qc7 13. f4 Nxe5 14. fxe5 Ne4 15. Nc3 Nxc3 16. Bxc3 Bxc3 17. Qc2 Bxa1 18. Qb1 Rxa3 19. Qxb5+ Bd7 20. Qb1 Rxe3 21. Qxa1 Rxe2 22. Qd1 Re3 23. Qd2 Rd3 24. Qg5 0-0 25. h3 Qb6 26. Qe7 Qxd4+ 27. Kh2 c3 28. Qxd7 c2 29. Rc1 Qf4+ 30. g3 Qxg3+ 31. Kh1 Rd1+ 32. Rxd1 cxd1Q# 0-1

[Event "CFriend SL-2004-0-00025 email"]
[Site "Chessfriend.com"]
[Date "2004.11.13"]
[Round "1"]
[White "Smoller, Volkmar"]
[Black "Arauz, Christopher"]
[Result "1-0"]
[WhiteElo "910"]
[BlackElo "959"]
[PlyCount "65"]
[EventDate "2004.??.??"]
[EventType "tourn (corr)"]
[EventRounds "6"]
[SourceTitle "Corr 2008"]
[Source "ChessBase"]
[SourceDate "2008.06.24"]
[SourceVersion "1"]
[SourceVersionDate "2008.06.24"]
[SourceQuality "1"]

1. e4 c5 2. Nf3 e6 3. d4 cxd4 4. Nxd4 Nf6 5. Nc3 Nc6 6. Be3 Bb4 7. Nxc6 bxc6 8. Bd2 0-0 9. Bd3 e5 10. 0-0 a5 11. a3 Bc5 12. Na4 Be7 13. Re1 d6 14. c4 c5 15. Nc3 Rb8 16. Rb1 Bg4 17. Qc2 Be6 18. Nd5 Bxd5 19. exd5 g6 20. Qa4 Ra8 21. b3 Qd7 22. f4 e4 23. Qxd7 Nxd7 24. Rxe4 Bf6 25. Rbe1 Bd4+ 26. Kf1 Rfb8 27. Bc2 Bf6 28. R4e3 a4 29. b4 cxb4 30. Bxb4 Nc5 31. Bxc5 dxc5 32. Rb1 Rxb1+ 33. Bxb1 1-0

[Event "CFriend SL-2004-0-00025 email"]
[Site "Chessfriend.com"]
[Date "2004.11.13"]
[Round "1"]
[White "Smoller, Volkmar"]
[Black "Daelemans, Hugo"]
[Result "0-1"]
[WhiteElo "910"]
[BlackElo "816"]
[PlyCount "40"]
[EventDate "2004.??.??"]
[EventType "tourn (corr)"]
[EventRounds "6"]
[SourceTitle "Corr 2008"]
[Source "ChessBase"]
[SourceDate "2008.06.24"]
[SourceVersion "1"]
[SourceVersionDate "2008.06.24"]
[SourceQuality "1"]

1. e4 e5 2. f4 exf4 3. Nf3 g5 4. h4 g4 5. Ne5 d5 6. d4 Nf6 7. Bxf4 Bb4+ 8. c3 Bd6 9. Bg5 h6 10. Bxf6 Qxf6 11. exd5 0-0 12. Be2 Re8 13. Qa4 c6 14. dxc6 Nxc6 15. Nd3 Bf5 16. Qd1 Bg3+ 17. Kd2 Nxd4 18. cxd4 Qxd4 19. Kc2 Rad8 20. Bf1 Re3 0-1

[Event "CFriend SL-2004-0-00025 email"]
[Site "Chessfriend.com"]
[Date "2004.11.13"]
[Round "1"]
[White "Smoller, Volkmar"]
[Black "Schoenbuchner, Gertraud"]
[Result "1-0"]
[WhiteElo "910"]
[BlackElo "852"]
[PlyCount "53"]
[EventDate "2004.??.??"]
[EventType "tourn (corr)"]
[EventRounds "6"]
[SourceTitle "Corr 2008"]
[Source "ChessBase"]
[SourceDate "2008.06.24"]
[SourceVersion "1"]
[SourceVersionDate "2008.06.24"]
[SourceQuality "1"]

1. e4 e5 2. f4 d6 3. Nf3 exf4 4. d4 Bg4 5. Bxf4 Nc6 6. Be2 Qd7 7. 0-0 0-0-0 8. d5 Nce7 9. b4 h5 10. Qd4 Kb8 11. Be3 b6 12. a4 f5 13. Bb5 c6 14. dxc6 Nxc6 15. Bxc6 Qxc6 16. Ne5 Qc7 17. Ng6 Rh7 18. a5 b5 19. Nc3 a6 20. Nd5 Qb7 21. h3 Be2 22. Rxf5 Be7 23. Rf7 Rd7 24. Nf8 Bf6 25. Nxd7+ Kc8 26. N5b6+ Kd8 27. Qxd6 1-0